Language Quiz

Random Language or Numbers Quiz
Score 0/30 Timer 06:00
0 Plays Today
% Correct
one
93.3%
zero
93.3%
half
92.9%
fifty
92.4%
five
92.1%
three
91.5%
sixteen
91.3%
four
90.8%
two
90.1%
twenty
90.1%
quarter
89.6%
six
89.1%
ninety
87.6%
nine
86.7%
million
86.6%
% Correct
fifth
85.7%
thousand
84.4%
seven
82.9%
eight
82.6%
third
81.2%
fifteen
79.6%
ten
78.3%
forty
76.4%
eighty
75.7%
thirty
72.8%
sixty
70.7%
twelve
61.1%
hundred
51.7%
eleven
43.7%
nineteen
23.4%
Remove Ads.
Support Sporcle.
Get the best of Sporcle when you Go Orange. This ad-free experience offers more features, more stats, and more fun while also helping to support Sporcle. Thank you for becoming a member.

You're not logged in!

Compare scores with friends on all Sporcle quizzes.
OR
Log In

Show Comments

Extras

Top Quizzes Today


Score Distribution

Your Account Isn't Verified!

In order to create a playlist on Sporcle, you need to verify the email address you used during registration. Go to your Sporcle Settings to finish the process.

Report this User

Report this user for behavior that violates our Community Guidelines.

Details: